Quizzes
Events
Quiz Creation
Community
Videos
Private Events
Remove Ads
Sign In
Join for FREE
Feedback
Dark Mode
Quiz Categories
Sports
Geography
Music
Movies
Television
Just For Fun
Miscellaneous
History
Literature
Language
Science
Gaming
Entertainment
Religion
Holiday
For Kids
Quiz Lab
Recent
Popular Today
Quiz Kudos Today
Editor Picks
Curator Picks
Quizzes by...
Day
Popularity
Type
Ratings
Length
Year
Community
Subscriptions
Recent Discussions
Orange Saloon
Badges
Playlists
Quests
Create
Leaderboards
Showdown
Live 5
Trivia Bingo
Activity
Puzzle Library
Sporcle Events
Private Events
Virtual Trivia
Globe League
Become a Host
Pub Owners
SporcleCon
Opinionation
Our Games
Videos
Blog
Mobile Apps
Partnerships
Remove Ads and Go Orange
Feedback
Just For Fun
Clickable
Get the Picture
Humor
Quick Pick
Word Ladder
Missing Word
Mixed Word
Blitz
Minefield
This or That
Alphabet
Color
Typing
Sporcle
Puzzle
Word Play
Follow That Line
Logic
Just For Fun
Clickable
Get the Picture
Humor
Quick Pick
Word Ladder
Missing Word
Mixed Word
Blitz
Minefield
This or That
Alphabet
Color
Typing
Sporcle
Puzzle
Word Play
Follow That Line
Logic
Random Quiz
Search Sporcle
×
Quiz Lab
Quiz Lab
Just For Fun
Popular
Type in answers that appear in a list
Type in answers that appear in a list
Classic
Best Score? Go Orange.
Can you name the most popular websites in 2012? Stats
Can you name the Can you name the most popular websites in 2012??
By
HumanBeing
5m
15 Questions
35 Plays
35 Plays
35 Plays
Comments
Comments
Give Quiz Kudos
Give Quiz Kudos
-
- Ratings
hide this ad
Replay
Link that replays current quiz
Next Quiz
Link to next quiz in quiz playlist
You Got
0%
They Got
Avg Score
56%
Avg Friend Score
Upgrade to see
Score Distribution
Jump to the score distribution portion of the page
Score
0/15
Timer
05:00
0
Plays Today
Advert
Answers
% Correct
A social utility that connects people, to keep up with friends, upload photos, share links and videos.
Facebook
100%
Enables users to search the world's information, including webpages, images, and videos. Offers unique features and search technology.
Google
94.3%
It's a great way to get your videos to the people who matter to you. Upload, tag and share your videos worldwide!
Youtube
94.3%
A free encyclopedia built collaboratively using wiki software.
Wikipedia
91.4%
Search engine developed by Microsoft. Features web, image, video, local, news, and product search.
Bing
88.6%
A major internet portal and service provider offering search results, customizable content, chatrooms, free e-
mail, clubs, and pager.
Yahoo
85.7%
Social networking and microblogging service utilising instant messaging, SMS or a web interface.
Twitter
74.3%
Seeks to be Earth's most customer-
centric company, where customers can find and discover anything they might want to buy online, and endeavors to offer its customers the lowest pos
Amazon
71.4%
Advert
Answers
% Correct
A networking tool to find connections to recommended job candidates, industry experts and business partners
LinkedIn
62.9%
Popular blogging service.
Blogspot
34.3%
Indian version of this popular search engine.
Google India
20%
Search engine from Microsoft.
Windows Live
14.3%
The leading Chinese language search engine, provides 'simple and reliable' search experience, strong in Chinese language and multi-
media content including MP3 music and movies, the
Baidu
11.4%
China's largest and most used Internet service portal owned by Tencent, Inc founded in November, 1998.
QQ
2.9%
Launched in 2003, it is a popular consumer-
to-
consumer (C2C) online marketplace in China
Taobao
2.9%
Quiz Playlist
Details
Report
Send in Message
Add To Playlist
Classic:
Type in answers that appear in a list
Last Updated: Feb 16, 2017
Quiz Scoreboard
CHALLENGE
Sign Up to Join the Scoreboard
Show All
Scores
Hide
Comments
May contain spoilers
Recently Published
Presidents Visiting Landmarks
by Hejman
History
7m
An Introduction to Baseball
by treessimontrees
Sports
5m
Movies - When Are They Set?
by FPL_Elf
Movies
5m
More to Explore
Quiz From the Vault
Featured Blog Post
Where Did the Easter Bunny Come From?
hide this ad
You Might Also Like...
Tags
Popular Quiz
2012
Advert
Website
Today's Top Quizzes in Just For Fun
Browse Just For Fun
hide this ad
Today's Top Quizzes in Popular
Browse Popular
Top Contributed Quizzes in Just For Fun
1
Killer Double Trees 224 - Colour Match-Up
2
Spring Typing Challenge
3
Crossword Whiteout! 49
4
Zeroing In: Just For Fun
5
Harry Potter Logic - 'In Chains' II
6
Survivor Winners Logic Puzzle
7
Word Ladder: Ahoy Matey
8
Kyle's 122nd Triple Trees
9
Who Wants to be a Millionaire? (CLICKABLE)
10
Word Ladder: Wilderness Weapon
Explore More
Trending Topics
NBA
Marvel
Disney
Anime
Crossword
Harry Potter
Kpop
Puzzle
NFL
The Office
Country
Song
Pokémon
WWE
Soccer
hide this ad
More By:
HumanBeing
Quiz
Plays
Rating
Category
Featured
Created
Word Ladder: Precious Pets
18,912
3.53
Just For Fun
Aug 14, 2013
Countries Younger Than Emma Watson
185
4.20
Geography
Nov 12, 2013
Game By Screenshot
134
3.60
Gaming
Nov 18, 2013
Word Ladder: Rags to Riches
43
4.00
Just For Fun
Feb 26, 2014
Mines Minefield
36
5.00
Just For Fun
Dec 16, 2013
Go to Creator's Profile
Score Distribution
Quiz Creator Spotlight
HumanBeing
Follow
Send a Message
Quizzes Created
-
Created Quiz Play Count
-
More By This Creator
Popular Quizzes Today
1
Find the US States - No Outlines Minefield
2
Find the Countries of Europe - No Outlines Minefield
3
The Countries of the World
4
Find the US States
5
Popular People in 1961
6
US States
7
Risky Map Clicking: Biggest States A-Z
8
Movies - When Are They Set?
More Just For Fun Quizzes
Word Ladder: Arm Ender
Published
Trending Quizzes
Risky Map Clicking: Least Populous States A-Z
1-10 Letter G Words
1-10 Letter F Words
Risky Map Clicking: Next State Alphabetically
Risky Map Clicking: Biggest States A-Z
Recently Updated
Leaping Animals
pecheneg
Reality TV Shows (A-Z)
bhenderson79
Rickey Henderson's Hall of Fame Teammates
pecheneg
Champions League XIs: Arsenal
pecheneg
Quick Pick: Celebrities in WWE's Hall of Fame
aduchscher
A-Z Keypad Blitz II
pecheneg
Multiple Oscar Actors
pecheneg
Mystery Phrase Blitz: Oscar 'Best Actors'
pecheneg
F. Scott Fitzgerald Novels
LTH
Pick 3 Villains
ddd62291
Trending Topics
Marvel
Disney
Crossword
Anime
NBA
Harry Potter
Kpop
WWE
Soccer
NFL
Song
Puzzle
Country
Pokémon
The Office
Your Account Isn't Verified!
In order to create a playlist on Sporcle, you need to verify the email address you used during registration. Go to your
Sporcle Settings
to finish the process.
Report this User
Report this user for behavior that violates our
Community Guidelines
.
Details:
Send Report
Go to the Sporcle.com Mobile Site →
Comments